LEADER 00994nam0-22003371i-450- 001 990007868160403321 005 20050111113749.0 010 $a88-217-1438-1 020 $aIT$b2002-4813 035 $a000786816 035 $aFED01000786816 035 $a(Aleph)000786816FED01 035 $a000786816 100 $a20040415d2001----km-y0itay50------ba 101 0 $aita 102 $aIT 105 $ay---n---001yy 200 1 $aManuale tributario del fallimento e delle altre procedure concorsuali$fCesare Zafarana 205 $a2. ed 210 $a[Milanofiori, Assago]$cIPSOA$d[2001] 215 $aXV, 543 p.$d25 cm 517 0 $aManuale tributario del fallimento 676 $a343.4505236$v21$zita 700 1$aZafarana,$bCesare$0421408 801 0$aIT$bUNINA$gRICA$2UNIMARC 901 $aBK 912 $a990007868160403321 952 $aH 957$bs.i.$fDSS 959 $aDSS 996 $aManuale tributario del fallimento e delle altre procedure concorsuali$9673230 997 $aUNINA LEADER 01505nam0 22002893i 450 001 VAN0123148 005 20190904112122.412 010 $a978-88-916192-1-1 100 $a20190904d2017 |0itac50 ba 101 $aita 102 $aIT 105 $a|||| ||||| 200 1 $aNuova SCIA, silenzio assenso e conferenza di servizi$ela disciplina dopo i dd.llgs$h126$i127 e 222 del 2016$eguida all'utilizzo della SCIA nelle attivitą economiche, nei procedimenti di polizia amministrativa e nell'edilizia$econtiene elenco dei regimi amministrativi applicabili alle attivitą economiche$fSaverio Linguanti 205 $a2. ed 210 $aSantarcangelo di Romagna$cMaggioli$d2017 215 $a318 p.$d24 cm. 410 1$1001VAN0073605$12001 $aCommercio & servizi$1210 $aSantarcangelo di Romagna$cMaggioli.$v58 606 $aSegnalazione certificata di inizio attivitą$xLegislazione$xItalia$3VANC035126$2AR 620 $dSantarcangelo di Romagna$3VANL000123 700 1$aLinguanti$bSaverio$3VANV059013$0428437 712 $aMaggioli $3VANV108045$4650 801 $aIT$bSOL$c20230616$gRICA 899 $aBIBLIOTECA DEL DIPARTIMENTO DI ARCHITETTURA E DISEGNO INDUSTRIALE$1IT-CE0107$2VAN01 912 $aVAN0123148 950 $aBIBLIOTECA DEL DIPARTIMENTO DI ARCHITETTURA E DISEGNO INDUSTRIALE$d01CONS IVB36 $e01 53159 20190904 996 $aNuova SCIA, silenzio assenso e conferenza di servizi$91475414 997 $aUNICAMPANIA LEADER 01788nam0 22003973i 450 001 VAN0249717 005 20230531110225.877 017 70$2N$a9783030567736 100 $a20220907d2020 |0itac50 ba 101 $aeng 102 $aCH 105 $a|||| ||||| 200 1 $aRecent Developments in Multivariate and Random Matrix Analysis$eFestschrift in Honour of Dietrich von Rosen$fThomas Holgersson, Martin Singull editors 210 $aCham$cSpringer$d2020 215 $axiii, 373 p.$cill.$d24 cm 500 1$3VAN0249718$aRecent Developments in Multivariate and Random Matrix Analysis$92291644 606 $a60-XX$xProbability theory and stochastic processes [MSC 2020]$3VANC020428$2MF 606 $a00B30$xFestschriften [MSC 2020]$3VANC022532$2MF 606 $a62-XX$xStatistics [MSC 2020]$3VANC022998$2MF 610 $aHigh-Dimensional Data$9KW:K 610 $aMultivariate Analysis$9KW:K 610 $aRandom matrix$9KW:K 610 $aRegression analysis$9KW:K 610 $aTime Series Analysis$9KW:K 620 $aCH$dCham$3VANL001889 702 1$aHolgersson$bThomas$3VANV204201 702 1$aSingull$bMartin$3VANV204202 712 $aSpringer $3VANV108073$4650 801 $aIT$bSOL$c20240614$gRICA 856 4 $uhttp://doi.org/10.1007/978-3-030-56773-6$zE-book ? Accesso al full-text attraverso riconoscimento IP di Ateneo, proxy e/o Shibboleth 899 $aBIBLIOTECA DEL DIPARTIMENTO DI MATEMATICA E FISICA$1IT-CE0120$2VAN08 912 $fN 912 $aVAN0249717 950 $aBIBLIOTECA DEL DIPARTIMENTO DI MATEMATICA E FISICA$d08CONS e-book 4825 $e08eMF4825 20220907 996 $aRecent developments in multivariate and random matrix analysis$92291644 997 $aUNICAMPANIA